00549nam a2200121Ia 4500008004100000020005500041040000800096082001900104100002900123245015300152260000900305264011300314231129s2002||||xx |||||||||||||| ||spa|| a958-8181-01-1  bspa a986.105 H565or aHerrera íngel Marta 0aOrdenar para controlar : ordenamiento espacial y control polí­tico en las llanuras del Caribe y en los Andes Centrales Neogranadinos. Siglo XVIII c2002 aBogotá Colombia : Academia Colombiana de la Historia Instituto Colombiano de Antropologí­a e Historia